Statystyki dla Odgadnij wyścig F1 po rekordzie!

Kliknij tutaj aby rozwiązać quiz!

Ogólne statystyki

  • Ten quiz został rozwiązany 16 razy
  • Średni wynik to 14 z 21

Statystyki odpowiedzi

WyścigRekordSezon w którym padł rekord% Poprawnych
GP USAWyścig z najmniejszą liczbą kierowców startujących - 62005
93%
GP USANajmniejsza różnica pomiędzy 1 a 2 miejscem - 0.011s2002
93%
GP WłochWyścig z największą średnią prędkością - 247.586 km/h2003
93%
GP WłochWyścig w którym ustanowiono najwięcej zwycięstw z rzędu - 102023
93%
GP BahrajnuNajcieplejszy wyścig - 42.5C2005
86%
GP MonakoNajstarszy kierowca zgłoszony do wyścigu - 58 lat, 288 dni1958
86%
GP MonakoWyścig z najmniejszą liczbą kierowców którzy go ukończyli - 31996
86%
GP HiszpaniiWyścig z najmłodszym zwycięzcą2016
79%
GP BrazyliiNajmłodsza średnia wieku na podium - 23 lata, 256 dni2019
71%
GP Chin1000 wyścig w F12019
71%
GP ChinNajwięcej wyprzedzeń na suchym torze - 1612016
71%
GP KanadyNajzimniejszy wyścig - 5C1978
71%
GP KanadyNajdłuższy wyścig - 4h4m2011
71%
GP Wielkiej BrytaniiPierwszy wyścig1950
71%
GP AustraliiNajkrótszy wyścig - 21m1991
50%
GP AustraliiWyścig z największą liczbą czerwonych flag - 32023
50%
GP EuropyNajmniejsza różnica pomiędzy pierwszą trójką w kwalifikacjach - 0.000s1997
50%
GP EuropyWyścig który ukończyło najwięcej kierowców - 242011
50%
GP HolandiiNajwięcej wyprzedzeń na mokrym torze - 1862023
50%
GP Toskanii1000 wyścig Ferrari2020
36%
GP USA ZachódWyścig wygrany z najdalszej pozycji startowej - 221983
7%

Rozkład punktacji

Percentyl według liczby udzielonych odpowiedzi

Procent ludzi z każdym wynikiem

Twoja historia wyników

Nie rozwiązałeś tego quizu